000 01078nam a2200265Ia 4500
001 846-CLA pa ca (15300)
003 IT-MiSPE
008 171229s9999||||xx |||||||||||||| ||und||
040 _aIT-MiSPE
_cIT-MiSPE
041 _aITALIANO
100 _aPaul Claudel
240 _aCorrespondance (1899-1926)
245 0 _aCarteggio, 1899-1926
250 _a1a ed. (v)
260 _aMilano
_bGarzanrti
_c1974
300 _a339 p.
_c19 cm
490 _aSaggi
501 _aEdizioni San Paolo srl - Piazza Soncino, 5 - 20092 CINISELLO BALSAMO (MI) (non commercial uses only) ® Copyright 2018
520 _aRobert Mallet (intr., note)
700 _aAndré Gide
700 _aRenato Arienta
_g(traduzione)
942 _cBK
957 _71
999 _a1677
_bNO
_g Copie: 1
_c353661
_d353661